"Slovo o polku Igoreve" i pamjatniki drevnerusskoj literatury /

Saved in:
Bibliographic Details
Format: Book
Language:Russian
Published: Leningrad : Nauka, 1976.
Edition:1. izd.
Series:Trudy otdela drevnerusskoj literatury Tov 31
ISBN: (viaz.)
Physical Description: 403 s.
Tags: Add Tag
No Tags, Be the first to tag this record!

MARC

LEADER 00000nam a2200000 a 4500
001 000156521
005 20100901164230.0
008 040101s1976 ru e rus d
020 |a (viaz.)  |c Kčs 35,00 
040 |a SVKKK  |b slo  |c SVKKK  |e AACR2 
041 0 |a rus 
044 |a ru  |c RU 
245 0 0 |a "Slovo o polku Igoreve" i pamjatniki drevnerusskoj literatury /  |c red. D. S. Lichačev. 
250 |a 1. izd. 
260 |a Leningrad :  |b Nauka,  |c 1976. 
300 |a 403 s. 
490 1 |a Trudy otdela drevnerusskoj literatury  |v Tom 31 
490 1 |a AN SSSR Institut russkoj literatury 
700 1 |a Lichačev, Dmitrij Sergejevič,  |d 1906-1999.  |4 red 
830 0 |a Trudy otdela drevnerusskoj literatury  |v Tov 31 
910 |a svkkk 
998 |a BK 
090 |g SCKHL  |k Sklad Pribinova 3. posch.  |a V.112057  |j 567151  |i 2720124760  |4 Zastaraná  |s Návrh na vyradenie